000 00325nam a2200133Ia 4500
005 20260328104336.0
008 260328s9999||||xx |||||||||||||| ||und||
100 _aScranton, Robert
245 0 _aGreek Architecture /
_cRobert Scranton
260 _bPrentice-Hall
300 _a128 p.
650 _aARQUITECTURA
942 _cBK
999 _c11901
_d11901